000 00711nam a2200217Ia 4500
003 GCL
005 20240530110207.0
008 140319s9999 xx 000 0 ara d
040 _aGCL /
_cGCL
082 0 4 _aم
_b953.09
_bج م
100 1 _aجلال الدين مصطفى يحيى
245 1 0 _aمصر الحديثة 1805-1517 /
_cجلال الدين مصطفى يحيى
260 _a[S.N] :
_bالهيئة المصرية العامة للكتاب
300 _a647 ص
490 _aشكاوى المصرى الفصيح
_v0
650 0 4 _aالعصر الحديث
650 0 4 _aمصر
650 0 4 _aتاريخ
650 0 4 _aالامبراطورية العثمانية (1917-1640م)
942 _2ddc
_cREF
999 _c59309
_d59309